U.S. Cities With the Highest Temperature Variation - Statistics

General Stats
  • This quiz has been taken 78 times
  • The average score is 12 of 20
Answer Stats
Max. Min. Answer Diff. % Correct
89.9° 18.7° Denver 71.2°
90%
90.2° 22.2° Kansas City 68.0°
81%
83.4° 8.8° Minneapolis 74.6°
81%
94.0° 24.2° Salt Lake City 69.8°
81%
93.1° 27.0° Oklahoma City 66.1°
72%
86.5° 18.5° Colorado Springs 68.0°
71%
85.6° 13.8° Des Moines 71.8°
71%
92.6° 22.5° Wichita 70.1°
71%
92.7° 25.5° Boise 67.2°
69%
88.1° 15.2° Omaha 72.9°
69%
93.4° 20.9° Indianapolis 72.5°
60%
82.6° 8.6° Saint Paul 74.0°
60%
89.4° 14.4° Lincoln 75.0°
57%
82.1° 11.8° Madison 70.3°
51%
85.3° 8.5° Sioux Falls 76.8°
50%
93.9° 26.1° Reno 67.8°
47%
88.2° 18.0° Aurora 70.2°
35%
92.9° 24.9° Amarillo 68.0°
34%
93.4° 27.2° Lubbock 66.2°
31%
86.5° 20.3° Toledo 66.2°
12%
No matching quizzes found
Score Distribution
Percent of People with Each Score
Percentile by Number Answered
Your Score History
You have not taken this quiz